000 00450nam a2200145Ia 4500
008 231129s2006||||xx |||||||||||||| ||spa||
020 _a958-648-444-0
040 _bspa
082 _a372.4 B273L
100 _aBarreto Pinzón Felisa
245 0 _aLeer y escribir con significación: desarrollo de la lengua oral y escrita con significación
260 _c2006
264 _aEcoe Ediciones
942 _2ddc
_cBKS
999 _c19092
_d19092